000 00651nam a2200181Ia 4500
008 090124s9999 xx 000 0 und d
082 _b26298
100 _aतेंडुलकर प्रिया
245 _a ज्याचा त्याचा प्रश्न
250 _a1
260 _bडिंपल प्रकाशन
_c1987
300 _a171
600 _aतेंडुलकर प्रिया
630 _a ज्याचा त्याचा प्रश्न
700 _aतेंडुलकर प्रिया
730 _a ज्याचा त्याचा प्रश्न
942 _cBOOK
999 _c93673
_d93673